Ohodnocovanie bánk a finančných inštitúcií diplomová práca

Uložené v:
Podrobná bibliografia
Hlavný autor: Zámečníková, Daniela
Korporativný autor: Národohospodárska fakulta EU. Katedra bankovníctva a medzinárodných financií
Ďalší autori: Horvátová, Eva, 1958-
Médium: Kniha
Jazyk:Slovak
Vydavateľské údaje: Bratislava 2012
Tagy: Pridať tag
Žiadne tagy, Buďte prvý, kto otaguje tento záznam!

MARC

LEADER 00000nbm a2200000 4500
001 0153447
005 20161109102114.2
041 0 |a slo 
044 |a SK 
245 1 0 |a Ohodnocovanie bánk a finančných inštitúcií  |b diplomová práca  |c Daniela Zámečníková ; školiteľ: Eva Horvátová 
264 1 |a Bratislava  |c 2012 
300 |a 74 s. 
100 1 |a Zámečníková, Daniela 
700 1 |a Horvátová, Eva, 1958- 
710 2 |a Národohospodárska fakulta EU. Katedra bankovníctva a medzinárodných financií